banner-ar

تجديد الخطاب الاسلامى / (Record no. 60983)

MARC details
000 -الفاتح
حقل البيانات ثابتة الطول 00797nam a22002297a 4500
005 - وقت وتاريخ اخر تعامل مع التسجيلة
رقم الضبط 20240530110437.0
008 - عناصر البيانات ثابتة الطول - معلومات عامة
حقل البيانات ثابتة الطول 150329s2011 su g b 000 0 ara d
017 ## - رقم الايداع القانونى
رقم الايداع القانونى 1432/2317
المصدر ( الهيئة المختصة) السعودية . مكتبة الملك فهد
020 ## - الرقم الدولى المعيارى للكتب
الرقم الدولى المعيارى للكتاب 9786035031264
040 ## - مصدر الفهرسة
وكالة الفهرسة الأصلية EG-CaGPL
082 04 - رقم تصنيف ديوى العشرى
رقم الطبعة 21
رقم التصنيف 219\
رقم المادة ع ت
100 0# - المدخل الرئيسى - إسم شخصى
الإسم الشخصى عبدالكريم البكار
245 10 - بيان العنوان
العنوان تجديد الخطاب الاسلامى /
بيان المسئوليه,etc تاليف عبدالكريم البكار
250 ## - بيان الطبعة
بيان الطبعة ط2
260 ## - PUBLICATION, DISTRIBUTION, ETC. (IMPRINT)
تاريخ النشر أو التوزيع 2011
300 ## - الوصف المادى
التعداد 267 ص ؛
أبعاد الوعاء 24 سم
504 ## - تبصرة ببليوجرافية
تبصرة ببليوجرافية,الخ ببليوجرافية : ص 235 -237
650 04 - المدخل الاضافى بالموضوع-مصطلح موضوعى
مصطلح موضوعي الخطب الدينية
650 04 - المدخل الاضافى بالموضوع-مصطلح موضوعى
مصطلح موضوعي الثقافة الاسلامية
942 ## - عناصر المدخل الإضافي( كوها)
مصدر التصنيف او مخطط الترفيف Dewey Decimal Classification
Koha [default] item type كتاب
260 ## - PUBLICATION, DISTRIBUTION, ETC. (IMPRINT)
-- الرياض :
-- مكتبة العبيكان ،
Holdings
حالة التراجع حالة الفقد حالة تلف ليس للاعارة المكان المؤقت الموقع الحالى تاريخ الاكتساب اجمالي اﻻعارات رقم الطلب الباركود تاريخ اخر مشاهدة تاريخ تفعيل السعر نوع وعاء كوها
        مكتبة القاهرة الكبرى مكتبة القاهرة الكبرى 04/14/2015   219\ ع ت 160179 04/14/2015 04/14/2015 كتاب

Powered By

EGPV